La Russie après Staline

Kaydedildi:
Detaylı Bibliyografya
Yazar: Deutscher, Isaac (Yazar)
Materyal Türü: Kitap
Dil:Fransızca
Baskı/Yayın Bilgisi: París Du Séul 1953
Seri Bilgileri:Collections Espirit Fronteiére Ouverte
Konular:
Etiketler: Etiketle
Etiket eklenmemiş, İlk siz ekleyin!

MARC

LEADER 00000nam a2200000 a 4500
001 UCO1659
003 CL-VaPUC
008 000519e19530000FR |||||||||||||||||fre|d
082 0 4 |a 947.085  |b DEU  |2 21 
100 0 |a Deutscher, Isaac  |e author  |9 444053 
245 1 3 |a La Russie après Staline 
300 |a 184 p 
942 |c BK 
945 |d 20000519 00:00:00  |a rherrera 
260 |a París  |b Du Séul  |c 1953 
600 0 7 |a MALENKOV, GUEORGUI  |2 CL-VaPUC  |9 444054 
650 7 |a HISTORIA DE RUSIA 1953  |2 CL-VaPUC  |9 444055 
650 0 |a Política exterior   |9 316628 
650 7 |a POLITICA INTERIOR  |2 CL-VaPUC  |9 371849 
650 7 |a LENINISMO  |2 CL-VaPUC  |9 372025 
650 7 |a STALINISMO  |2 CL-VaPUC  |9 444056 
651 0 |a Rusia   |9 256106 
583 |a last modification  |c 20120831 12:25:01  |k Rodrigo Vera 
490 0 |a Collections Espirit Fronteiére Ouverte 
999 |c 288263  |d 288261 
952 |0 0  |1 0  |4 0  |6 947_085000000000000_DEU_1953  |7 0  |8 A  |9 335838  |a BIBHIS  |b BIBHIS  |d 2019-11-20  |i 1282158  |o 947.085 DEU 1953  |p 1282158  |r 2025-01-20  |w 2019-11-20  |y BK  |k HIS